To make men free
Saved in:
| Hovedforfatter: | |
|---|---|
| Format: | Bog |
| Sprog: | engelsk |
| Udgivet: |
Nueva York
Pyramid Books
1966
|
| Fag: | |
| Tags: |
Tilføj Tag
Ingen Tags, Vær først til at tagge denne postø!
|
MARC
| LEADER | 00000nam a2200000 a 4500 | ||
|---|---|---|---|
| 001 | UCQ2804 | ||
| 003 | CL-VaPUC | ||
| 008 | 980731e19660000US |||||||||||||||||eng|d | ||
| 082 | 0 | 4 | |a 808.042 |b KEL |2 21 |
| 100 | 0 | |a Kelly, Frank K |e author |9 416876 | |
| 245 | 1 | 0 | |a To make men free |
| 300 | |a 125 p | ||
| 942 | |c BK | ||
| 945 | |d 19980731 00:00:00 |a crobeson | ||
| 260 | |a Nueva York |b Pyramid Books |c 1966 | ||
| 650 | 0 | |a Ensayos estadounidenses |9 268384 | |
| 650 | 0 | |a Literatura estadounidense |9 317168 | |
| 650 | 0 | |a Inglés |9 260023 | |
| 650 | 0 | |a Enseñanza de idiomas |9 339820 | |
| 650 | 0 | |a Lectura |9 307634 | |
| 650 | 0 | |a Vocabulario |9 345405 | |
| 650 | 0 | |a Retórica |9 266620 | |
| 583 | |a last modification |c 19980731 00:00:00 |k Rodrigo Vera | ||
| 999 | |c 273569 |d 273567 | ||
| 952 | |0 0 |1 0 |4 0 |6 808_042000000000000_KEL_1966 |7 0 |8 A |9 309285 |a BIBEDU |b BIBEDU |d 2019-11-20 |i 1451170 |o 808.042 KEL 1966 |p 1451170 |r 2019-11-20 |w 2019-11-20 |y BK |k LIT | ||